000 01626cam a2200241 4500
001 ABS67123
008 031029n2003 000 0 eng u
035 _a(Sirsi) u124148
100 _aDickinson, J.
245 _aIn on the act
260 _c2003
490 _aRICS Business
_vOctober 2003, 17-18(2)
520 _aDiscusses why it makes sound business sense for surveyors to take notice of the Disability Discrimination Act 1995 (DDA) and to take advantage of the opportunities to advise clients on their DDA responsibilities, such as what reasonable adjustments to the physical environment they should make. Outlines the full remit of the DDA in respect of employers' (public service providers) obligations, noting that all exemptions to these duties will cease by October 2004. Highlights the fact that it is the service provider not the building that has to comply with the DDA and that surveyors should understand the whole Act, not just the building aspects. Recommends that service providers develop a strategic approach to meet their DDA obligations, undertaking a full organisation audit. Indicates that proven DDA expertise is now becoming a pre-requisite prior to appointment for some commissions.
590 _aABS
650 _aDISABILITY DISCRIMINATION ACT 1995
650 _aSPECIAL EDUCATIONAL NEEDS AND DISABILITY ACT 2001
650 _aDISABILITY
650 _aSERVICE PROVIDERS
650 _aBUILT ENVIRONMENT
650 _aMANAGEMENT-BUSINESS MANAGEMENT-DISCRIMINATION-DISABILITY DISCRIMINATION-ACCESSIBILITY-ACCESS AUDITS
690 _aBUILT ENVIRONMENT-CONSTRUCTION DESIGN
942 _n0
999 _c73684
_d73684